000 00307nam a2200097Ia 4500
082 _a968.81|WALL
245 0 _aA history of Namibia : from the beginning to 1990
100 _a Wallace, Marion Auckland Park, South Africa, 2011
_963845
942 _cBK
008 210817s9999 xx 000 0 und d
999 _c202773
_d202772